000 00385nam a22001217a 4500
008 230609b xxu||||| |||| 00| 0 eng d
082 _a353.463
100 _cGovernment of Kenya
_d2007
245 _aNational Assembly
_bFourteenth Report of the Public Investments Committee on the Accounts of State Corporations
_hVolume 1
260 _aKenya
_bGOK
_c2007
300 _a465p
942 _2ddc
_cBK
999 _c881
_d881